000
00312nam a22001457a 4500
008
221118b ||||| |||| 00| 0 eng d
020
_a
9780135312520
041
_a
eng
080
_a
575
082
_a
575DEV
100
_a
13
101
_a
BIO
245
_a
BIOTHICS AND SOCIETY
_c
DEVRIES R
942
_2
udc
_c
BK
999
_c
58946
_d
58946